|
|
|
|
| LEADER |
01439nam a2200397Ia 4500 |
| 001 |
EBC459815 |
| 003 |
MiAaPQ |
| 005 |
20200520144314.0 |
| 006 |
m o d | |
| 007 |
cr cn||||||||| |
| 008 |
060524s2006 dcu s i000 0 eng d |
| 010 |
|
|
|z 2006047371
|
| 020 |
|
|
|z 9780821365984
|
| 020 |
|
|
|z 0821365975
|
| 020 |
|
|
|a 0821365983 (electronic bk.)
|
| 035 |
|
|
|a (MiAaPQ)EBC459815
|
| 035 |
|
|
|a (Au-PeEL)EBL459815
|
| 035 |
|
|
|a (CaPaEBR)ebr10130758
|
| 035 |
|
|
|a (CaONFJC)MIL50349
|
| 035 |
|
|
|a (OCoLC)70705708
|
| 040 |
|
|
|a MiAaPQ
|c MiAaPQ
|d MiAaPQ
|
| 050 |
|
4 |
|a HD108.3
|b .S87 2006
|
| 082 |
0 |
4 |
|a 33.73
|2 22
|
| 245 |
0 |
0 |
|a Sustainable land management
|h [electronic resource] :
|b challenges, opportunities, and trade-offs.
|
| 260 |
|
|
|a Washington, DC :
|b World Bank,
|c 2006.
|
| 300 |
|
|
|a xx, 87 p.
|
| 490 |
1 |
|
|a Agriculture and rural development series
|
| 533 |
|
|
|a Electronic reproduction. Ann Arbor, MI : ProQuest, 2015. Available via World Wide Web. Access may be limited to ProQuest affiliated libraries.
|
| 650 |
|
0 |
|a Agricultural development projects
|x Environmental aspects.
|
| 650 |
|
0 |
|a Land use
|x Environmental aspects.
|
| 650 |
|
0 |
|a Sustainable development.
|
| 655 |
|
4 |
|a Electronic books.
|
| 710 |
2 |
|
|a ProQuest (Firm)
|
| 710 |
2 |
|
|a World Bank.
|
| 830 |
|
0 |
|a Agriculture and rural development series.
|
| 856 |
4 |
0 |
|u https://ebookcentral.proquest.com/lib/matrademy/detail.action?docID=459815
|z Click to View
|